| 000 | 01964cam a2200325 i 4500 | ||
|---|---|---|---|
| 003 | SA-RiAUC | ||
| 005 | 20251229092915.0 | ||
| 008 | 251120s1998 le g 00000 ara c | ||
| 020 | _a1855160951 | ||
| 024 | 0 | _a00000000975140 | |
| 040 |
_aSA-RiAUC _bara _cSA-RiAUC _dAE-DuMBRL _erda |
||
| 041 | 1 |
_aara _hund |
|
| 050 | 4 | _b.A75125 1998 | |
| 082 | 0 | 4 |
_a189.1 _qSA-RiAUC |
| 090 |
_a189.1 _bا ر ك |
||
| 100 | 1 |
_aأركون، محمد، _d1928-2010 _eمؤلف. |
|
| 245 | 1 | 2 |
_aالفكر الإسلامي : _bنقد واجتهاد / _cالدكتور محمد أركون ؛ ترجمة هاشم صالح. |
| 250 | _aالطبعة الثالثة. | ||
| 264 | 1 |
_aبيروت ؛ _aلندن : _bدار الساقي، _c1998. |
|
| 300 |
_a339 صفحة ؛ _c24 × 17 سم |
||
| 336 |
_aنص _btxt _2rdacontent _3كتاب |
||
| 337 |
_aبدون وسيط _bn _2rdamedia |
||
| 338 |
_aمجلد _bnc _2rdacarrier |
||
| 520 | _aيتناول كتاب (الفكر الإسلامي نقد واجتهاد) والذي قام بتأليفه د. محمد أركون، موضوع (علم النفس الحديث) يعد هذا الكتاب مساهمة تجديد من مؤلفه في مجال الفكر العربي والاسلامي، ركيزتها الفحص والنقد وسبر أغوار الحدث في مساره التاريخي، وعلى ضوء معطيات معاصرة. الكتاب يضع القرآن الكريم في مواجهة الصيغ النظرية للفكر الحديث، هادفا من ذلك إنشاء رؤية نقدية في ميادين العلوم الانسانية، بما يتجاوز التفاسير المتداولة. | ||
| 650 | 7 |
_aالفلسفة الإسلامية _2aucsh |
|
| 700 | 1 |
_aصالح، هاشم، _d1950- _eمترجم. |
|
| 942 |
_2ddc _cBOOK _n0 |
||
| 949 |
_aSA-JeALM _d251120 _umohamedma123 _n1 |
||
| 999 |
_c13785 _d13785 |
||